Résumé de film en une phrase. - Statistiques

Statistiques générales
  • Ce quiz a été pris 3 068 fois
  • Le résultat moyen est 5 sur 15
Statistiques - réponses
Résumé Film % Correct
Après avoir perdu son père, un jeune lion rejoint un groupe de hippies et devient végétarien. Le roi lion
96%
L'histoire d'un garçon à qui on dit de pas aller dans le labyrinthe et lui il fait quoi ??? Le labyrinthe
57%
C'est Pierre qui tue des autres Pierre parce qu'ils ont écrasé son yorkmouth. Rrrrrrr
46%
Un film où tu as accès à la vie privée de Mark Zuckerberg alors que d'habitude c'est lui qui a accès à la tienne. The Social Network
43%
C'est un mec qui a la seule Peugeot avec un moteur d'Airbus. Taxi
39%
Un soldat veut se reposer mais les flics l'en empêchent alors que c'est pas sa guerre. Rambo
31%
C'est l'histoire d'un mec qui est plus dans le délire spaghettis et flingues que baptême et filleul. Le parrain
30%
Une meuf riche laisse un pauvre crever de froid. Titanic
29%
Une paysanne développe le syndrome de Stockholm. La belle et la bête
27%
C'est un gars pour qui c'est pratique de tailler des arbres mais moins d'aller aux toilettes ! Edward aux mains d'argent
24%
C'est deux nerds qui partent à l'aventure avec un Alien vulgaire et une catho cyclope. Paul
16%
C'est l'histoire d'une fille qui doit choisir entre devenir nécrophile ou zoophile. Twilight
14%
Une fille bizarre est relookée et participe à une TV réalité. Hunger games
11%
Un mec qui aime les jumelles mais qui n'a pourtant aucune envie de se faire un plan à trois. Fenêtre sur cour
5%
C'est un peu la France en 2021 après les annonces d'Emmanuel Macron. American Nightmare
3%
Aucun quiz correspondant
Distribution des résultats
% des personnes avec chaque résultat
Percentile par nombre de réponses
Votre historique - résultats
Vous n’avez pas pris ce quiz